000 00367nam a2200145Ia 4500
008 230917s9999||||xx |||||||||||||| ||und||
040 _e80454
_aMAIN
041 _aEnglish
082 _a342 T139L
100 _aTakwani, C K
245 0 _aLectures on administrative law
260 _aLucknow
_bEastern Book Company
_c1980
300 _axxxviii, 328 p.
942 _cBK
999 _c202355
_d202355